000 01284cam a22003617a 4500
003 CHAP
005 20220329142215.0
008 000218d1999 mx r 00110 spa d
010 _a79923
011 _a80895
035 _a91350
040 _cCHAP
090 _aTesis
100 0 0 _aZamora Vázquez, Samuel.
_9123536
245 1 0 _aSituación actual de los recursos forestales en dos cominidades del municipio de Misantla, Veracruz
_c/por Samuel Zamora Vazquez
260 _aChapingo, Méx. :
_bEl autor,
_c1999.
300 _a110 h.
502 _aTesis (Ing. Forestal) -- UACH. División de Ciencias Forestales
590 _aALEPH
_b10
_c20130110
_lUCH01
_h1434
590 _aBATCH-UPD
_b10
_c20130110
_lUCH01
_h0542
590 _aBATCH-UPD
_b10
_c20130410
_lUCH01
_h0222
590 _aBATCH-UPD
_b10
_c20130913
_lUCH01
_h2209
590 _aCONVERSION
_b10
_c20130109
_lUCH01
_h1344
650 1 4 _aAgroforestería
_zVeracruz.
_92181
650 1 4 _aCampesinado
_xVeracruz.
_918047
650 1 4 _aRecursos forestales
_xVeracruz.
_995071
901 _aBK
905 _aLilia Sánchez G.
942 _cFOLL
949 _bBC
_cTES
_d33724000748794
_eTS2
_fc.2
_h35233
_i91350
_sb
949 _bBC
_cTES
_d33724000748802
_eTS2
_fc.3
_h35234
_i91350
_si
949 _bBC
_cTES
_d913501
_eTS1
_h35232
_i91350
_sb
999 _c79923
_d79923